[Event "ODJM A 2018"]
[Site "Willingen GER"]
[Date "2018.05.22"]
[Round "4"]
[White "Heldt, Maximilian"]
[Black "Garbuz, Vitaliy"]
[Result "1-0"]
[Termination "normal"]
[Board "5"]
[WhiteElo "2050"]
[BlackElo "2032"]
[WhiteClock "00:52:44"]
[BlackClock "00:21:52"]
[PlyCount "99"]
[WhiteFideId "12952346"]
[BlackFideId "12990710"]
[EventCountry "GER"]
[EventRounds "9"]
[EventType "swiss"]
[EventDate "2018.05.19"]

1. e4 {[%clk 1:30:57]} 1... e5 {[%clk 1:30:53]} 2. Nf3 {[%clk 1:31:22]} 2...
Nc6 {[%clk 1:31:18]} 3. d4 {[%clk 1:31:47]} 3... exd4 {[%clk 1:31:43]} 4. Bc4 {
[%clk 1:32:12]} 4... Nf6 {[%clk 1:31:50]} 5. e5 {[%clk 1:32:32]} 5... d5 {
[%clk 1:32:15]} 6. Bb5 {[%clk 1:32:56]} 6... Nd7 {[%clk 1:29:38]} 7. O-O {
[%clk 1:28:39]} 7... Be7 {[%clk 1:30:03]} 8. Bxc6 {[%clk 1:24:14]} 8... bxc6 {
[%clk 1:30:30]} 9. Nxd4 {[%clk 1:24:37]} 9... Nb8 {[%clk 1:30:50]} 10. Re1 {
[%clk 1:19:05]} 10... O-O {[%clk 1:30:54]} 11. c3 {[%clk 1:12:53]} 11... c5 {
[%clk 1:27:44]} 12. Nb3 {[%clk 1:12:28]} 12... Nc6 {[%clk 1:24:07]} 13. N1d2 {
[%clk 1:09:01]} 13... f6 {[%clk 1:13:14]} 14. exf6 {[%clk 1:08:51]} 14... Rxf6
{[%clk 1:13:42]} 15. Nf1 {[%clk 1:09:08]} 15... c4 {[%clk 0:18:14]} 16. Nd4 {
[%clk 1:09:30]} 16... Nxd4 {[%clk 0:18:28]} 17. Qxd4 {[%clk 1:07:54]} 17... Re6
{[%clk 0:18:25]} 18. Be3 {[%clk 1:03:31]} 18... Bf6 {[%clk 0:17:39]} 19. Qd2 {
[%clk 1:03:42]} 19... c6 {[%clk 0:16:07]} 20. Ng3 {[%clk 0:52:18]} 20... Qe8 {
[%clk 0:11:40]} 21. Bd4 {[%clk 0:52:21]} 21... Bxd4 {[%clk 0:11:33]} 22. cxd4 {
[%clk 0:52:44]} 22... Qf7 {[%clk 0:11:09]} 23. Re3 {[%clk 0:46:35]} 23... Bd7 {
[%clk 0:10:25]} 24. Ra3 {[%clk 0:44:42]} 24... Qf6 {[%clk 0:08:36]} 25. Rf3 {
[%clk 0:40:12]} 25... Qg6 {[%clk 0:07:59]} 26. Nf5 {[%clk 0:36:07]} 26... Re4 {
[%clk 0:07:58]} 27. Ne3 {[%clk 0:34:06]} 27... Rae8 {[%clk 0:07:20]} 28. b3 {
[%clk 0:33:00]} 28... Be6 {[%clk 0:01:30]} 29. Rc1 {[%clk 0:31:43]} 29... c5 {
[%clk 0:01:20]} 30. dxc5 {[%clk 0:31:41]} 30... c3 {[%clk 0:01:12]} 31. Qd3 {
[%clk 0:23:16]} 31... d4 {[%clk 0:01:10]} 32. Rg3 {[%clk 0:23:32]} 32... Rxe3 {
[%clk 0:00:57]} 33. Qxg6 {[%clk 0:23:13]} 33... hxg6 {[%clk 0:01:49]} 34. fxe3
{[%clk 0:24:06]} 34... d3 {[%clk 0:01:23]} 35. Rxc3 {[%clk 0:23:57]} 35... Rd8
{[%clk 0:01:43]} 36. Rc1 {[%clk 0:24:20]} 36... Bf5 {[%clk 0:01:02]} 37. Kf2 {
[%clk 0:22:08]} 37... d2 {[%clk 0:01:10]} 38. Rd1 {[%clk 0:22:33]} 38... Bc2 {
[%clk 0:00:53]} 39. Ke2 {[%clk 0:22:54]} 39... Bxd1+ {[%clk 0:01:18]} 40. Kxd1
{[%clk 0:23:20]} 40... Kf7 {[%clk 0:00:38]} 41. Rg4 {[%clk 0:22:22]} 41... Rd5
{[%clk 0:23:35]} 42. b4 {[%clk 0:52:09]} 42... Rd3 {[%clk 0:23:21]} 43. Rc4 {
[%clk 0:51:01]} 43... Rxe3 {[%clk 0:23:15]} 44. c6 {[%clk 0:51:19]} 44... Re8 {
[%clk 0:23:33]} 45. Kxd2 {[%clk 0:51:34]} 45... Rc8 {[%clk 0:23:14]} 46. b5 {
[%clk 0:51:55]} 46... Ke6 {[%clk 0:23:31]} 47. Rd4 {[%clk 0:51:53]} 47... Rb8 {
[%clk 0:23:57]} 48. a4 {[%clk 0:52:09]} 48... g5 {[%clk 0:21:41]} 49. Kc3 {
[%clk 0:52:29]} 49... a6 {[%clk 0:21:52]} 50. c7 {[%clk 0:52:44]} 1-0

[Event "ODJM A 2018"]
[Site "Willingen GER"]
[Date "2018.05.22"]
[Round "4"]
[White "Irkilmez, Yakub"]
[Black "Küppers, Timo"]
[Result "0-1"]
[Termination "normal"]
[Board "6"]
[WhiteElo "2108"]
[BlackElo "2175"]
[WhiteClock "00:11:03"]
[BlackClock "00:18:44"]
[PlyCount "64"]
[WhiteFideId "16204581"]
[BlackFideId "16205820"]
[EventCountry "GER"]
[EventRounds "9"]
[EventType "swiss"]
[EventDate "2018.05.19"]

1. d4 {[%clk 1:30:57]} 1... Nf6 {[%clk 1:30:36]} 2. c4 {[%clk 1:28:12]} 2... c5
{[%clk 1:29:42]} 3. d5 {[%clk 1:28:36]} 3... e5 {[%clk 1:30:08]} 4. Nc3 { [%clk
1:28:57]} 4... d6 {[%clk 1:30:32]} 5. e4 {[%clk 1:29:22]} 5... Nbd7 { [%clk
1:30:52]} 6. f4 {[%clk 1:29:42]} 6... exf4 {[%clk 1:20:49]} 7. Bxf4 { [%clk
1:29:02]} 7... a6 {[%clk 1:17:40]} 8. a4 {[%clk 1:28:36]} 8... g6 { [%clk
1:17:10]} 9. Nf3 {[%clk 1:25:48]} 9... Qe7 {[%clk 1:01:45]} 10. Bd3 { [%clk
1:23:21]} 10... Bg7 {[%clk 1:00:48]} 11. O-O {[%clk 1:22:27]} 11... O-O { [%clk
1:00:05]} 12. h3 {[%clk 1:07:18]} 12... h6 {[%clk 0:55:51]} 13. Bh2 { [%clk
1:05:49]} 13... Nh7 {[%clk 0:54:26]} 14. Qd2 {[%clk 0:58:00]} 14... Ng5 { [%clk
0:51:51]} 15. Nxg5 {[%clk 0:57:07]} 15... hxg5 {[%clk 0:52:13]} 16. Ne2 { [%clk
0:50:53]} 16... Ne5 {[%clk 0:51:52]} 17. Bxe5 {[%clk 0:41:47]} 17... Bxe5
{[%clk 0:49:42]} 18. g4 {[%clk 0:41:35]} 18... Kg7 {[%clk 0:47:16]} 19. Kg2 {
[%clk 0:41:24]} 19... Rh8 {[%clk 0:40:50]} 20. Rh1 {[%clk 0:40:48]} 20... Bd7 {
[%clk 0:35:39]} 21. a5 {[%clk 0:39:36]} 21... Rh7 {[%clk 0:35:23]} 22. Raf1 {
[%clk 0:37:13]} 22... Rah8 {[%clk 0:34:01]} 23. b4 {[%clk 0:32:38]} 23... Bxg4
{[%clk 0:32:37]} 24. hxg4 {[%clk 0:33:01]} 24... Rh2+ {[%clk 0:33:02]} 25. Rxh2
{[%clk 0:31:23]} 25... Rxh2+ {[%clk 0:33:27]} 26. Kg1 {[%clk 0:31:45]} 26...
Qd7 {[%clk 0:30:58]} 27. Rf5 {[%clk 0:32:10]} 27... gxf5 {[%clk 0:29:37]} 28.
Qxg5+ {[%clk 0:32:30]} 28... Kf8 {[%clk 0:29:18]} 29. bxc5 {[%clk 0:29:03]}
29... f6 {[%clk 0:21:39]} 30. Qe3 {[%clk 0:15:17]} 30... Qh7 {[%clk 0:20:58]}
31. Kf1 {[%clk 0:11:12]} 31... Rh3 {[%clk 0:18:21]} 32. Qd2 {[%clk 0:11:03]}
32... Rf3+ {[%clk 0:18:44]} 0-1

[Event "ODJM A 2018"]
[Site "Willingen GER"]
[Date "2018.05.22"]
[Round "4"]
[White "Reitz, Philipp"]
[Black "Arndt, Magnus"]
[Result "0-1"]
[Termination "normal"]
[Board "7"]
[WhiteElo "1975"]
[BlackElo "2120"]
[WhiteClock "00:06:36"]
[BlackClock "00:06:40"]
[PlyCount "80"]
[WhiteFideId "12973297"]
[BlackFideId "12998656"]
[EventCountry "GER"]
[EventRounds "9"]
[EventType "swiss"]
[EventDate "2018.05.19"]

1. e4 {[%clk 1:30:58]} 1... e5 {[%clk 1:30:58]} 2. Nf3 {[%clk 1:31:23]} 2...
Nc6 {[%clk 1:31:24]} 3. d4 {[%clk 1:31:48]} 3... exd4 {[%clk 1:31:50]} 4. Nxd4
{[%clk 1:32:14]} 4... Nf6 {[%clk 1:32:16]} 5. Nxc6 {[%clk 1:32:37]} 5... bxc6 {
[%clk 1:32:43]} 6. e5 {[%clk 1:33:02]} 6... Qe7 {[%clk 1:33:09]} 7. Qe2 { [%clk
1:33:27]} 7... Nd5 {[%clk 1:33:36]} 8. c4 {[%clk 1:31:04]} 8... Ba6 { [%clk
1:33:51]} 9. Nd2 {[%clk 1:29:36]} 9... g6 {[%clk 1:34:12]} 10. Qe4 { [%clk
1:25:06]} 10... Nb6 {[%clk 1:03:31]} 11. b3 {[%clk 1:23:21]} 11... Bg7 { [%clk
1:00:40]} 12. Bb2 {[%clk 1:20:14]} 12... d5 {[%clk 0:56:17]} 13. Qe3 { [%clk
1:14:23]} 13... O-O {[%clk 0:49:39]} 14. O-O-O {[%clk 1:01:04]} 14... Rfe8
{[%clk 0:39:05]} 15. Re1 {[%clk 0:57:13]} 15... dxc4 {[%clk 0:25:31]} 16. h4
{[%clk 0:48:32]} 16... Nd5 {[%clk 0:24:14]} 17. Qg5 {[%clk 0:45:42]} 17... c3
{[%clk 0:13:06]} 18. Qxe7 {[%clk 0:36:25]} 18... Rxe7 {[%clk 0:12:42]} 19. Bxa6
{[%clk 0:35:48]} 19... cxb2+ {[%clk 0:08:25]} 20. Kxb2 {[%clk 0:32:47]} 20...
Rxe5 {[%clk 0:08:19]} 21. Rxe5 {[%clk 0:32:59]} 21... Bxe5+ { [%clk 0:08:49]}
22. Kb1 {[%clk 0:33:02]} 22... Nc3+ {[%clk 0:08:51]} 23. Kc2 { [%clk 0:33:24]}
23... Nxa2 {[%clk 0:09:02]} 24. Bc4 {[%clk 0:32:40]} 24... Nb4+ {[%clk
0:09:24]} 25. Kb1 {[%clk 0:32:50]} 25... a5 {[%clk 0:08:42]} 26. Nf3 { [%clk
0:32:53]} 26... Bf6 {[%clk 0:08:27]} 27. Rd1 {[%clk 0:21:05]} 27... a4 { [%clk
0:07:26]} 28. bxa4 {[%clk 0:18:43]} 28... Rxa4 {[%clk 0:07:53]} 29. Kc1 { [%clk
0:19:06]} 29... Na2+ {[%clk 0:08:11]} 30. Bxa2 {[%clk 0:19:16]} 30... Rxa2
{[%clk 0:08:40]} 31. Rd2 {[%clk 0:19:03]} 31... Rxd2 {[%clk 0:09:03]} 32. Kxd2
{[%clk 0:19:29]} 32... Kf8 {[%clk 0:09:28]} 33. Kd3 {[%clk 0:18:58]} 33... Ke7
{[%clk 0:09:53]} 34. Kc4 {[%clk 0:19:24]} 34... Kd6 {[%clk 0:10:13]} 35. g3
{[%clk 0:19:15]} 35... c5 {[%clk 0:08:41]} 36. Nd2 {[%clk 0:18:46]} 36... Bd4 {
[%clk 0:09:05]} 37. f3 {[%clk 0:18:11]} 37... f5 {[%clk 0:07:54]} 38. g4 {
[%clk 0:07:40]} 38... Ke5 {[%clk 0:07:21]} 39. h5 {[%clk 0:06:16]} 39... gxh5 {
[%clk 0:06:23]} 40. gxh5 {[%clk 0:06:36]} 40... Kf4 {[%clk 0:06:40]} 0-1

[Event "ODJM A 2018"]
[Site "Willingen GER"]
[Date "2018.05.22"]
[Round "4"]
[White "Terhuven, Patrick"]
[Black "Bargsten, Justus"]
[Result "1-0"]
[Termination "normal"]
[Board "8"]
[WhiteElo "2124"]
[BlackElo "1953"]
[WhiteClock "00:14:45"]
[BlackClock "00:42:41"]
[PlyCount "71"]
[WhiteFideId "12919098"]
[BlackFideId "12974188"]
[EventCountry "GER"]
[EventRounds "9"]
[EventType "swiss"]
[EventDate "2018.05.19"]

1. d4 {[%clk 1:30:58]} 1... Nf6 {[%clk 1:30:56]} 2. Nf3 {[%clk 1:31:24]} 2...
e6 {[%clk 1:31:18]} 3. g3 {[%clk 1:31:47]} 3... d5 {[%clk 1:31:24]} 4. Bg2 {
[%clk 1:32:10]} 4... c5 {[%clk 1:31:19]} 5. O-O {[%clk 1:32:26]} 5... Nc6 {
[%clk 1:31:32]} 6. c4 {[%clk 1:31:50]} 6... Be7 {[%clk 1:29:13]} 7. cxd5 {
[%clk 1:32:07]} 7... Nxd5 {[%clk 1:28:27]} 8. dxc5 {[%clk 1:30:23]} 8... Bxc5 {
[%clk 1:26:28]} 9. a3 {[%clk 1:29:51]} 9... a5 {[%clk 1:19:37]} 10. Qc2 { [%clk
1:28:51]} 10... Qe7 {[%clk 1:17:20]} 11. Rd1 {[%clk 1:23:03]} 11... O-O { [%clk
1:14:04]} 12. e4 {[%clk 1:21:49]} 12... Nc7 {[%clk 1:10:40]} 13. e5 { [%clk
1:16:38]} 13... Nb5 {[%clk 1:04:14]} 14. Bg5 {[%clk 1:09:26]} 14... f6 { [%clk
1:03:18]} 15. exf6 {[%clk 1:09:33]} 15... gxf6 {[%clk 1:03:44]} 16. Bh6 { [%clk
1:09:01]} 16... Re8 {[%clk 1:03:50]} 17. Qc4 {[%clk 1:03:33]} 17... Nbd4 {[%clk
1:01:11]} 18. Nxd4 {[%clk 1:01:30]} 18... Nxd4 {[%clk 1:01:12]} 19. Be3 {[%clk
0:45:22]} 19... Rd8 {[%clk 0:52:07]} 20. Bxd4 {[%clk 0:42:27]} 20... Qd6 {[%clk
0:52:32]} 21. Nc3 {[%clk 0:41:21]} 21... Bxd4 {[%clk 0:51:55]} 22. Nb5 { [%clk
0:38:22]} 22... Bxf2+ {[%clk 0:48:57]} 23. Kxf2 {[%clk 0:37:52]} 23... Qb6+
{[%clk 0:49:22]} 24. Kf1 {[%clk 0:36:15]} 24... Bd7 {[%clk 0:49:46]} 25. a4
{[%clk 0:35:22]} 25... Rac8 {[%clk 0:50:11]} 26. Qe2 {[%clk 0:35:12]} 26... Rc5
{[%clk 0:50:26]} 27. Bf3 {[%clk 0:32:36]} 27... Re5 {[%clk 0:49:46]} 28. Qf2
{[%clk 0:28:09]} 28... Bxb5+ {[%clk 0:49:54]} 29. axb5 {[%clk 0:28:32]} 29...
Qxb5+ {[%clk 0:50:20]} 30. Kg2 {[%clk 0:28:27]} 30... Rdd5 { [%clk 0:48:20]}
31. Rxd5 {[%clk 0:25:39]} 31... exd5 {[%clk 0:48:43]} 32. Rd1 { [%clk 0:23:33]}
32... h5 {[%clk 0:43:04]} 33. Qd4 {[%clk 0:19:36]} 33... Kg7 { [%clk 0:42:56]}
34. Rd2 {[%clk 0:17:01]} 34... Re1 {[%clk 0:42:59]} 35. Rf2 { [%clk 0:15:18]}
35... Re5 {[%clk 0:42:41]} 36. Bxh5 {[%clk 0:14:45]} 1-0

[Event "ODJM A 2018"]
[Site "Willingen GER"]
[Date "2018.05.22"]
[Round "4"]
[White "Winkel, Peter"]
[Black "Kartsev, Nikolay"]
[Result "1/2-1/2"]
[Termination "normal"]
[Board "9"]
[WhiteElo "2110"]
[BlackElo "1993"]
[WhiteClock "00:03:23"]
[BlackClock "00:05:21"]
[PlyCount "74"]
[WhiteFideId "12954756"]
[BlackFideId "12939536"]
[EventCountry "GER"]
[EventRounds "9"]
[EventType "swiss"]
[EventDate "2018.05.19"]

1. d4 {[%clk 1:30:59]} 1... Nf6 {[%clk 1:30:32]} 2. Nf3 {[%clk 1:31:25]} 2...
e6 {[%clk 1:30:53]} 3. g3 {[%clk 1:31:50]} 3... d5 {[%clk 1:30:07]} 4. Bg2 {
[%clk 1:32:12]} 4... c5 {[%clk 1:29:36]} 5. O-O {[%clk 1:32:24]} 5... Nc6 {
[%clk 1:29:06]} 6. c4 {[%clk 1:32:42]} 6... cxd4 {[%clk 1:27:29]} 7. cxd5 {
[%clk 1:30:57]} 7... Nxd5 {[%clk 1:22:10]} 8. Nxd4 {[%clk 1:31:07]} 8... Ndb4 {
[%clk 1:14:10]} 9. Nxc6 {[%clk 1:28:33]} 9... Nxc6 {[%clk 1:05:58]} 10. Nc3 {
[%clk 1:23:00]} 10... Qxd1 {[%clk 0:59:56]} 11. Rxd1 {[%clk 1:23:21]} 11... Be7
{[%clk 1:00:18]} 12. Nb5 {[%clk 1:18:08]} 12... O-O {[%clk 0:58:37]} 13. Be3 {
[%clk 1:12:28]} 13... Rd8 {[%clk 0:45:48]} 14. Rxd8+ {[%clk 0:52:58]} 14...
Bxd8 {[%clk 0:46:16]} 15. Rd1 {[%clk 0:52:54]} 15... Bf6 {[%clk 0:45:51]} 16.
Nd6 {[%clk 0:51:04]} 16... Bxb2 {[%clk 0:32:53]} 17. Nxc8 {[%clk 0:49:08]}
17... Rxc8 {[%clk 0:32:50]} 18. Rb1 {[%clk 0:49:16]} 18... Bd4 {[%clk 0:27:18]}
19. Rxb7 {[%clk 0:44:27]} 19... Bxe3 {[%clk 0:21:46]} 20. fxe3 {[%clk 0:44:22]}
20... g6 {[%clk 0:21:57]} 21. Bxc6 {[%clk 0:44:21]} 21... Rxc6 {[%clk 0:22:25]}
22. Rxa7 {[%clk 0:44:21]} 22... Rc1+ {[%clk 0:22:30]} 23. Kf2 {[%clk 0:44:25]}
23... Ra1 {[%clk 0:22:26]} 24. h4 {[%clk 0:41:05]} 24... h5 {[%clk 0:18:39]}
25. a4 {[%clk 0:34:28]} 25... Kg7 {[%clk 0:19:00]} 26. a5 {[%clk 0:30:48]}
26... Kf6 {[%clk 0:16:30]} 27. a6 {[%clk 0:30:45]} 27... Ke5 {[%clk 0:15:06]}
28. Kf3 {[%clk 0:26:57]} 28... Rf1+ {[%clk 0:14:44]} 29. Kg2 {[%clk 0:27:24]}
29... Ra1 {[%clk 0:15:12]} 30. Kf2 {[%clk 0:27:44]} 30... Kf6 {[%clk 0:10:23]}
31. e4 {[%clk 0:07:21]} 31... Ke5 {[%clk 0:09:22]} 32. Rxf7 {[%clk 0:07:32]}
32... Rxa6 {[%clk 0:09:44]} 33. Rf4 {[%clk 0:07:23]} 33... Ra4 {[%clk 0:06:08]}
34. Kf3 {[%clk 0:07:36]} 34... Ra3+ {[%clk 0:05:42]} 35. e3 {[%clk 0:07:46]}
35... Ra1 {[%clk 0:04:47]} 36. Ke2 {[%clk 0:03:04]} 36... Ra2+ {[%clk 0:04:55]}
37. Kf3 {[%clk 0:03:23]} 37... Ra1 {[%clk 0:05:21]} 1/2-1/2

[Event "ODJM A 2018"]
[Site "Willingen GER"]
[Date "2018.05.22"]
[Round "4"]
[White "Stemmler, Fabian"]
[Black "Giraud, Valerian"]
[Result "1/2-1/2"]
[Termination "normal"]
[Board "10"]
[WhiteElo "1963"]
[BlackElo "2034"]
[WhiteClock "00:00:57"]
[BlackClock "00:00:58"]
[PlyCount "78"]
[WhiteFideId "12964808"]
[BlackFideId "12920355"]
[EventCountry "GER"]
[EventRounds "9"]
[EventType "swiss"]
[EventDate "2018.05.19"]

1. d4 {[%clk 1:30:57]} 1... Nf6 {[%clk 1:30:57]} 2. Bg5 {[%clk 1:30:55]} 2...
d5 {[%clk 1:30:41]} 3. e3 {[%clk 1:31:04]} 3... c5 {[%clk 1:30:36]} 4. Bxf6 {
[%clk 1:31:22]} 4... gxf6 {[%clk 1:31:01]} 5. dxc5 {[%clk 1:31:46]} 5... Nc6 {
[%clk 1:30:18]} 6. Nc3 {[%clk 1:18:25]} 6... e6 {[%clk 1:27:16]} 7. Qh5 { [%clk
1:09:57]} 7... Bxc5 {[%clk 1:09:26]} 8. O-O-O {[%clk 0:46:58]} 8... f5 { [%clk
0:59:22]} 9. e4 {[%clk 0:37:13]} 9... fxe4 {[%clk 0:56:10]} 10. Nxe4 { [%clk
0:26:07]} 10... Be7 {[%clk 0:53:22]} 11. Nf3 {[%clk 0:24:57]} 11... Qc7 { [%clk
0:38:18]} 12. Neg5 {[%clk 0:16:23]} 12... Qf4+ {[%clk 0:37:24]} 13. Kb1 { [%clk
0:16:46]} 13... h6 {[%clk 0:35:13]} 14. Nh3 {[%clk 0:12:03]} 14... Qf6 { [%clk
0:33:39]} 15. Bb5 {[%clk 0:11:35]} 15... Bd7 {[%clk 0:32:58]} 16. Bxc6 { [%clk
0:10:44]} 16... Bxc6 {[%clk 0:30:18]} 17. Ne5 {[%clk 0:10:49]} 17... Rf8 {[%clk
0:20:12]} 18. g3 {[%clk 0:08:23]} 18... O-O-O {[%clk 0:19:36]} 19. Nxc6 {[%clk
0:07:25]} 19... bxc6 {[%clk 0:19:56]} 20. Qe2 {[%clk 0:07:34]} 20... Kb7 {[%clk
0:18:57]} 21. Rd3 {[%clk 0:06:04]} 21... Bd6 {[%clk 0:16:24]} 22. Rb3+ { [%clk
0:05:51]} 22... Kc7 {[%clk 0:15:24]} 23. Qa6 {[%clk 0:06:05]} 23... Bc5 { [%clk
0:14:54]} 24. Rb7+ {[%clk 0:04:44]} 24... Kd6 {[%clk 0:15:11]} 25. Nf4 { [%clk
0:01:15]} 25... Rb8 {[%clk 0:12:29]} 26. Rd1 {[%clk 0:00:53]} 26... Rxb7 {[%clk
0:09:59]} 27. Qxb7 {[%clk 0:01:19]} 27... Qd8 {[%clk 0:09:27]} 28. Nd3 { [%clk
0:00:53]} 28... Qb6 {[%clk 0:07:19]} 29. Nxc5 {[%clk 0:01:10]} 29... Qxc5
{[%clk 0:07:44]} 30. f4 {[%clk 0:00:35]} 30... Qb6 {[%clk 0:07:18]} 31. Qxb6 {
[%clk 0:00:58]} 31... axb6 {[%clk 0:07:47]} 32. c3 {[%clk 0:01:11]} 32... f6 {
[%clk 0:07:59]} 33. Rf1 {[%clk 0:01:28]} 33... h5 {[%clk 0:07:14]} 34. Kc2 {
[%clk 0:01:30]} 34... Rg8 {[%clk 0:07:14]} 35. Kd3 {[%clk 0:01:12]} 35... h4 {
[%clk 0:05:23]} 36. Rg1 {[%clk 0:00:46]} 36... hxg3 {[%clk 0:04:48]} 37. hxg3 {
[%clk 0:00:56]} 37... e5 {[%clk 0:03:09]} 38. Ke3 {[%clk 0:00:49]} 38... Rh8 {
[%clk 0:00:58]} 39. Rg2 {[%clk 0:00:57]} 39... e4 1/2-1/2

[Event "ODJM A 2018"]
[Site "Willingen GER"]
[Date "2018.05.22"]
[Round "4"]
[White "Gerlach, Felix"]
[Black "Hartmann, Jakob"]
[Result "1/2-1/2"]
[Termination "normal"]
[Board "11"]
[WhiteElo "1907"]
[BlackElo "2194"]
[WhiteClock "00:32:08"]
[BlackClock "00:00:48"]
[PlyCount "79"]
[WhiteFideId "12957690"]
[BlackFideId "12918067"]
[EventCountry "GER"]
[EventRounds "9"]
[EventType "swiss"]
[EventDate "2018.05.19"]

1. e4 {[%clk 1:30:58]} 1... e5 {[%clk 1:30:34]} 2. Nf3 {[%clk 1:31:23]} 2...
Nc6 {[%clk 1:30:48]} 3. Bb5 {[%clk 1:31:45]} 3... a6 {[%clk 1:30:49]} 4. Ba4 {
[%clk 1:32:04]} 4... Nf6 {[%clk 1:30:57]} 5. O-O {[%clk 1:32:23]} 5... Be7 {
[%clk 1:31:01]} 6. Re1 {[%clk 1:32:42]} 6... b5 {[%clk 1:31:04]} 7. Bb3 { [%clk
1:33:08]} 7... O-O {[%clk 1:31:10]} 8. h3 {[%clk 1:33:23]} 8... Bb7 { [%clk
1:29:34]} 9. d3 {[%clk 1:33:14]} 9... d6 {[%clk 1:27:52]} 10. c3 { [%clk
1:32:45]} 10... Na5 {[%clk 1:17:40]} 11. Bc2 {[%clk 1:32:56]} 11... c5 { [%clk
1:17:44]} 12. Nbd2 {[%clk 1:31:56]} 12... Re8 {[%clk 1:15:15]} 13. d4 { [%clk
1:27:11]} 13... cxd4 {[%clk 1:08:36]} 14. cxd4 {[%clk 1:26:47]} 14... Rc8
{[%clk 1:04:35]} 15. d5 {[%clk 1:25:33]} 15... h6 {[%clk 0:54:14]} 16. Nf1 {
[%clk 1:21:53]} 16... Nh7 {[%clk 0:49:29]} 17. Bd3 {[%clk 1:20:13]} 17... Ng5 {
[%clk 0:33:55]} 18. N1h2 {[%clk 1:20:24]} 18... Nc4 {[%clk 0:30:20]} 19. b3 {
[%clk 1:17:59]} 19... Nb6 {[%clk 0:30:02]} 20. Bd2 {[%clk 1:17:53]} 20... Nd7 {
[%clk 0:28:58]} 21. Rc1 {[%clk 1:17:27]} 21... Nc5 {[%clk 0:25:17]} 22. Bb1 {
[%clk 1:17:46]} 22... Nxf3+ {[%clk 0:21:39]} 23. Nxf3 {[%clk 1:14:54]} 23... a5
{[%clk 0:18:31]} 24. Re3 {[%clk 1:09:35]} 24... b4 {[%clk 0:17:28]} 25. Nh2 {
[%clk 1:05:56]} 25... Bg5 {[%clk 0:14:25]} 26. Rf3 {[%clk 1:03:04]} 26... Rc7 {
[%clk 0:10:02]} 27. Rf5 {[%clk 1:02:29]} 27... Bxd2 {[%clk 0:08:30]} 28. Qxd2 {
[%clk 1:02:54]} 28... Qh4 {[%clk 0:08:19]} 29. Re1 {[%clk 1:00:22]} 29... Bc8 {
[%clk 0:07:12]} 30. Rf3 {[%clk 1:00:30]} 30... Bd7 {[%clk 0:05:10]} 31. Nf1 {
[%clk 0:59:07]} 31... Rec8 {[%clk 0:05:07]} 32. Ne3 {[%clk 0:55:01]} 32... Nb7
{[%clk 0:01:57]} 33. Bd3 {[%clk 0:44:58]} 33... Nc5 {[%clk 0:02:01]} 34. Nc4 {
[%clk 0:45:00]} 34... Nxd3 {[%clk 0:01:46]} 35. Rxd3 {[%clk 0:44:58]} 35... Qe7
{[%clk 0:00:38]} 36. Nxa5 {[%clk 0:44:09]} 36... Bb5 {[%clk 0:00:44]} 37. Rg3 {
[%clk 0:43:01]} 37... Rc3 {[%clk 0:00:44]} 38. Ree3 {[%clk 0:36:06]} 38... Rc1+
{[%clk 0:00:51]} 39. Re1 {[%clk 0:35:17]} 39... R1c3 {[%clk 0:00:48]} 40. Ree3
{[%clk 0:32:08]} 1/2-1/2

[Event "ODJM A 2018"]
[Site "Willingen GER"]
[Date "2018.05.22"]
[Round "4"]
[White "Erofeev, Anastasia"]
[Black "Parvanyan, Alfred"]
[Result "1/2-1/2"]
[Termination "normal"]
[Board "12"]
[WhiteElo "1933"]
[BlackElo "2095"]
[WhiteClock "00:06:00"]
[BlackClock "00:04:14"]
[PlyCount "76"]
[WhiteFideId "12917915"]
[BlackFideId "13305832"]
[EventCountry "GER"]
[EventRounds "9"]
[EventType "swiss"]
[EventDate "2018.05.19"]

1. d4 {[%clk 1:30:58]} 1... e6 {[%clk 1:30:49]} 2. c4 {[%clk 1:31:15]} 2... f5
{[%clk 1:31:10]} 3. g3 {[%clk 1:31:35]} 3... Nf6 {[%clk 1:31:30]} 4. Bg2 {
[%clk 1:31:55]} 4... d5 {[%clk 1:31:53]} 5. Nf3 {[%clk 1:31:37]} 5... c6 {
[%clk 1:32:16]} 6. Nc3 {[%clk 1:31:13]} 6... Bd6 {[%clk 1:32:04]} 7. O-O {
[%clk 1:30:04]} 7... O-O {[%clk 1:31:15]} 8. Rb1 {[%clk 1:23:10]} 8... a5 {
[%clk 1:27:23]} 9. c5 {[%clk 1:17:32]} 9... Bc7 {[%clk 1:27:14]} 10. Bf4 {
[%clk 1:15:55]} 10... Nbd7 {[%clk 1:18:02]} 11. a3 {[%clk 1:05:44]} 11... Ne4 {
[%clk 1:10:34]} 12. Qc1 {[%clk 0:59:44]} 12... h6 {[%clk 1:02:41]} 13. b4 {
[%clk 0:51:21]} 13... axb4 {[%clk 1:02:17]} 14. axb4 {[%clk 0:51:44]} 14... g5
{[%clk 1:01:40]} 15. Be5 {[%clk 0:49:30]} 15... Nxe5 {[%clk 0:53:35]} 16. Nxe5
{[%clk 0:48:59]} 16... Bxe5 {[%clk 0:50:30]} 17. dxe5 {[%clk 0:49:24]} 17...
Nxc3 {[%clk 0:47:29]} 18. Qxc3 {[%clk 0:49:48]} 18... f4 {[%clk 0:47:18]} 19.
Rfd1 {[%clk 0:34:49]} 19... Qc7 {[%clk 0:42:54]} 20. g4 {[%clk 0:33:29]} 20...
Bd7 {[%clk 0:42:47]} 21. Ra1 {[%clk 0:30:19]} 21... Rab8 {[%clk 0:42:36]} 22.
Ra7 {[%clk 0:27:48]} 22... Be8 {[%clk 0:41:44]} 23. Bf3 {[%clk 0:26:01]} 23...
Bg6 {[%clk 0:41:06]} 24. Kg2 {[%clk 0:20:45]} 24... Qh7 {[%clk 0:33:03]} 25. h3
{[%clk 0:16:41]} 25... h5 {[%clk 0:31:32]} 26. Qd4 {[%clk 0:13:42]} 26... Kg7 {
[%clk 0:27:28]} 27. Rh1 {[%clk 0:11:39]} 27... Rh8 {[%clk 0:26:45]} 28. Raa1 {
[%clk 0:09:42]} 28... Rbd8 {[%clk 0:22:16]} 29. Rad1 {[%clk 0:07:55]} 29... Ra8
{[%clk 0:20:56]} 30. Ra1 {[%clk 0:07:51]} 30... Rxa1 {[%clk 0:15:43]} 31. Qxa1
{[%clk 0:07:49]} 31... hxg4 {[%clk 0:06:54]} 32. hxg4 {[%clk 0:05:32]} 32...
Qxh1+ {[%clk 0:07:20]} 33. Qxh1 {[%clk 0:05:58]} 33... Rxh1 {[%clk 0:07:41]}
34. Kxh1 {[%clk 0:06:27]} 34... Kf7 {[%clk 0:07:30]} 35. Kg1 {[%clk 0:05:41]}
35... Ke7 {[%clk 0:07:44]} 36. Kf1 {[%clk 0:05:53]} 36... Kd7 {[%clk 0:07:44]}
37. Ke1 {[%clk 0:06:13]} 37... Kc7 {[%clk 0:05:54]} 38. Kd2 {[%clk 0:06:00]}
38... b6 {[%clk 0:04:14]} 1/2-1/2